000 00622nam a2200181Ia 4500
005 20260415160400.0
008 008 250505s9999 xx 000 0 eng d
037 _aTextual
040 _aFEDL
_beng
_cFEDL
041 _aeng
_2eng
084 _a370.7 NCT
_qFEDL
245 0 _aEducation of teachers SAARC experiences : Report of the SAARc conference on preparing teachers for universal elementary education
260 _aNew Delhi, India
_bNational Council for Teacher Education
_c1999
300 _a210p.
650 _aEducation
942 _cTEXL
_h370.7 NCT
999 _c1400629
_d1400629